000 00636nam a22002297a 4500
003 UA-OsUOA
001 130414
007 ta
008 20180423b un ||||| |||| 00| 0 ukr d
100 _aПеляшенко К.
700 _aГавриш П. Я.
090 _a902
_bП24
942 _cSA
040 _aUA-OsUOA
_bukr
_cUA-OsUOA
_dUA-OsUOA
245 _aЛіпний посуд Книшівського городища
300 _aС.91-102
955 _a0
041 _aukr
080 _a902
773 0 _w130408
_tАрхеологія
_dК.
_d2018
_g1
650 7 _a9 Географія. Біографії. Історія
_2UDC
999 _c418444
_d418444